Kemanna. muttina hara malike (Record no. 105223)

MARC details
000 -LEADER
fixed length control field 00746nam a2200205Ia 4500
003 - CONTROL NUMBER IDENTIFIER
control field OSt
005 - DATE AND TIME OF LATEST TRANSACTION
control field 20250627160843.0
008 - FIXED-LENGTH DATA ELEMENTS--GENERAL INFORMATION
fixed length control field 210210b1998 xxu||||| |||| 00| 0 eng d
040 ## - CATALOGING SOURCE
Transcribing agency AL
082 ## - DEWEY DECIMAL CLASSIFICATION NUMBER
Classification number K894.9 KARK
100 ## - MAIN ENTRY--PERSONAL NAME
Personal name KARNATAKA SAHITYA AKADEMI
Dates associated with a name ಕರ್ನಾಟಕ ಸಾಹಿತ್ಯ ಅಕಾಡೆಮಿ
9 (RLIN) 216345
245 ## - TITLE STATEMENT
Title Kemanna. muttina hara malike
Remainder of title ಕೇಮಣ್ಣ. ಮುತ್ತಿನ ಹಾರ ಮಾಲಿಕೆ
260 ## - PUBLICATION, DISTRIBUTION, ETC.
Place of publication, distribution, etc. Bengaluru.
Name of publisher, distributor, etc. Karnataka Sahitya Akademi.,
Date of publication, distribution, etc. 1998
300 ## - PHYSICAL DESCRIPTION
Extent xvi,40
650 ## - SUBJECT ADDED ENTRY--TOPICAL TERM
Topical term or geographic name entry element Muttina Hara Geeta Nagabhushana
9 (RLIN) 216346
690 ## - LOCAL SUBJECT ADDED ENTRY--TOPICAL TERM (OCLC, RLIN)
Topical term or geographic name as entry element Kannada Criticism
9 (RLIN) 216347
700 ## - ADDED ENTRY--PERSONAL NAME
Personal name Geeta Nagabhushana
Dates associated with a name ಗೀತಾ ನಾಗಭೂಷಣ
9 (RLIN) 216348
906 ## - LOCAL DATA ELEMENT F, LDF (RLIN)
a 057821
942 ## - ADDED ENTRY ELEMENTS (KOHA)
Source of classification or shelving scheme Dewey Decimal Classification
Koha item type Book
Holdings
Withdrawn status Lost status Source of classification or shelving scheme Damaged status Not for loan Collection code Home library Current library Shelving location Date acquired Source of acquisition Cost, normal purchase price Total Checkouts Full call number Barcode Date last seen Price effective from Koha item type
    Dewey Decimal Classification     Kannada St Aloysius Library St Aloysius Library   02/17/2021 Sahayaka Nirdeshakara Kacheri, Mangaluru. 12.00   K894.9 KARK 057821 02/17/2021 02/17/2021 Book